| 000 | 00461nam a2200157 i 4500 | ||
|---|---|---|---|
| 001 | 141838 | ||
| 003 | ES-MaACL | ||
| 005 | 20230906200359.0 | ||
| 007 | t| | ||
| 008 | 070928s1938 fr ||||1| fre d | ||
| 100 | 1 |
_aWahl, Jean. _9115862 |
|
| 245 | 1 | 0 |
_aPhilosophie de l'esprit _b: etudes kierkegaardiennes / _cpar Jean Wahl. |
| 260 |
_aParis : _b[s.n.], _c1938 ( _fImp. Aufrui et fils) |
||
| 300 |
_a774 p. ; _c23 cm. |
||
| 852 |
_aES-MaACL _jF-15212 _bR.18820 |
||
| 999 |
_c141838 _d141838 |
||